<?xml version="1.0" encoding="UTF-8"?>
<record
    xmlns:xsi="http://www.w3.org/2001/XMLSchema-instance"
    xsi:schemaLocation="http://www.loc.gov/MARC21/slim http://www.loc.gov/standards/marcxml/schema/MARC21slim.xsd"
    xmlns="http://www.loc.gov/MARC21/slim">

  <leader>01415nam a2200205Ia 4500</leader>
  <controlfield tag="003">OSt</controlfield>
  <controlfield tag="005">20251211121005.0</controlfield>
  <controlfield tag="008">210707s1952    xx            000 0 und d</controlfield>
  <datafield tag="040" ind1=" " ind2=" ">
    <subfield code="c">AL</subfield>
  </datafield>
  <datafield tag="041" ind1=" " ind2=" ">
    <subfield code="a">Kannada</subfield>
  </datafield>
  <datafield tag="082" ind1=" " ind2=" ">
    <subfield code="a">K894.308 KRAK</subfield>
  </datafield>
  <datafield tag="100" ind1=" " ind2=" ">
    <subfield code="a">KRASHNASHASTRI (A R)</subfield>
    <subfield code="d">&#xC95;&#xCC3;&#xCB7;&#xCCD;&#xCA3;&#xCB6;&#xCBE;&#xCB8;&#xCCD;&#xCA4;&#xCCD;&#xCB0;&#xCBF; &#xC8E;.&#xC86;&#xCB0;&#xCCD;</subfield>
    <subfield code="9">248845</subfield>
  </datafield>
  <datafield tag="245" ind1=" " ind2=" ">
    <subfield code="a">Kathamrata.</subfield>
    <subfield code="b">&#xC95;&#xCA5;&#xCBE;&#xCAE;&#xCC3;&#xCA4;</subfield>
  </datafield>
  <datafield tag="260" ind1=" " ind2=" ">
    <subfield code="a">Bengaluru</subfield>
    <subfield code="b">Vishva Kannada Sammelana</subfield>
    <subfield code="c">1952</subfield>
  </datafield>
  <datafield tag="300" ind1=" " ind2=" ">
    <subfield code="a">lxxxiv,484 p</subfield>
  </datafield>
  <datafield tag="520" ind1=" " ind2=" ">
    <subfield code="a">&#x2018;&#xC95;&#xCA5;&#xCBE;&#xCAE;&#xCC3;&#xCA4;&#x2019; &#xC95;&#xCC3;&#xCB7;&#xCCD;&#xCA3;&#xCB6;&#xCBE;&#xCB8;&#xCCD;&#xCA4;&#xCCD;&#xCB0;&#xCBF; &#xC8E;.&#xC86;&#xCB0;&#xCCD; &#xC85;&#xCB5;&#xCB0; &#xC85;&#xCA7;&#xCCD;&#xCAF;&#xCBE;&#xCA4;&#xCCD;&#xCAE;&#xCBF;&#xC95; &#xC95;&#xCC3;&#xCA4;&#xCBF;. &#xC87;&#xCB2;&#xCCD;&#xCB2;&#xCBF; &#xCB8;&#xCCB;&#xCAE;&#xCA6;&#xCC7;&#xCB5;&#xCA8; &#xCAA;&#xCA6;&#xCCD;&#xCAF;&#xC95;&#xCBE;&#xCB5;&#xCCD;&#xCAF;, &#xC95;&#xCA5;&#xCBE;&#xCB8;&#xCB0;&#xCBF;&#xCA4;&#xCCD;&#xCB8;&#xCBE;&#xC97;&#xCB0; &#xCB9;&#xCB2;&#xCB5;&#xCC1; &#xCAD;&#xCBE;&#xCB7;&#xCC6;&#xC97;&#xCB3;&#xCBF;&#xC97;&#xCC6; &#xCAD;&#xCBE;&#xCB7;&#xCBE;&#xC82;&#xCA4;&#xCB0;&#xCB5;&#xCBE;&#xC97;&#xCBF; &#xC95;&#xCA5;&#xCBE;&#xCB6;&#xCBE;&#xCB8;&#xCCD;&#xCA4;&#xCCD;&#xCB0;&#xCA6; &#xCB5;&#xCCD;&#xCAF;&#xCBE;&#xCB8;&#xC82;&#xC97;&#xC95;&#xCCD;&#xC95;&#xCC6; &#xCB8;&#xCBE;&#xCA7;&#xCA8;&#xCB5;&#xCBE;&#xC97;&#xCBF;&#xCA6;&#xCC6;. &#xC95;&#xCA4;&#xCC6;-&#xC95;&#xCA4;&#xCC6;&#xC97;&#xCB3;&#xCC6;&#xC82;&#xCAC; &#xCA8;&#xCA6;&#xCBF;&#xC97;&#xCB3;&#xCC1; &#xCB8;&#xCC7;&#xCB0;&#xCBF; &#xC86;&#xC97;&#xCBF;&#xCB0;&#xCC1;&#xCB5; &#xCB8;&#xCBE;&#xC97;&#xCB0;&#xCB5;&#xCC7; &#xC95;&#xCA5;&#xCBE;&#xCB8;&#xCB0;&#xCBF;&#xCA4;&#xCCD;&#xCB8;&#xCBE;&#xC97;&#xCB0; &#xC85;&#xCA6;&#xCB0; &#xCB8;&#xC82;&#xC97;&#xCCD;&#xCB0;&#xCB9;&#xCB0;&#xCC2;&#xCAA;&#xCB5;&#xCC7; &#xC95;&#xCA5;&#xCBE;&#xCAE;&#xCC3;&#xCA4;. &#xC87;&#xCB2;&#xCCD;&#xCB2;&#xCBF; &#xCB9;&#xCB2;&#xCB5;&#xCC1; &#xC95;&#xCA4;&#xCC6;&#xC97;&#xCB3;&#xCBF;&#xCB5;&#xCC6;, &#xC8E;&#xCB2;&#xCCD;&#xCB2; &#xCB5;&#xCAF;&#xCCB;&#xCAE;&#xCBE;&#xCA8;&#xCA6;&#xCB5;&#xCB0;&#xCBF;&#xC97;&#xCC2; &#xCAA;&#xCCD;&#xCB0;&#xCBF;&#xCAF;&#xCB5;&#xCBE;&#xC97;&#xCC1;&#xCB5; &#xCAA;&#xCCD;&#xCB0;&#xCBE;&#xC9A;&#xCC0;&#xCA8; &#xCAD;&#xCB0;&#xCA4; &#xC96;&#xC82;&#xCA1;&#xCA6; &#xC85;&#xCA4;&#xCCD;&#xCAF;&#xCC1;&#xCA4;&#xCCD;&#xCA4;&#xCAE; &#xC95;&#xCA5;&#xCC6;&#xC97;&#xCB3;&#xCBF;&#xCB5;&#xCC6;</subfield>
  </datafield>
  <datafield tag="563" ind1=" " ind2=" ">
    <subfield code="a">PB</subfield>
  </datafield>
  <datafield tag="650" ind1=" " ind2=" ">
    <subfield code="a">Kannada Fiction</subfield>
    <subfield code="9">248846</subfield>
  </datafield>
  <datafield tag="942" ind1=" " ind2=" ">
    <subfield code="2">ddc</subfield>
    <subfield code="c">BK</subfield>
  </datafield>
  <datafield tag="999" ind1=" " ind2=" ">
    <subfield code="c">180172</subfield>
    <subfield code="d">180172</subfield>
  </datafield>
  <datafield tag="952" ind1=" " ind2=" ">
    <subfield code="0">0</subfield>
    <subfield code="1">0</subfield>
    <subfield code="2">ddc</subfield>
    <subfield code="4">0</subfield>
    <subfield code="7">0</subfield>
    <subfield code="8">KAN</subfield>
    <subfield code="a">AL</subfield>
    <subfield code="b">AL</subfield>
    <subfield code="c">SSS</subfield>
    <subfield code="d">2005-05-17</subfield>
    <subfield code="l">0</subfield>
    <subfield code="o">K894.308 KRAK</subfield>
    <subfield code="p">BB04074</subfield>
    <subfield code="r">2021-07-08 00:00:00</subfield>
    <subfield code="w">2021-07-08</subfield>
    <subfield code="y">BB</subfield>
  </datafield>
</record>
